|
|
|
|
| LEADER |
00000cam a2200000 i 4500 |
| 001 |
1/57276 |
| 008 |
141001s1996 gr | ||| |||| ||gre|| |
| 020 |
|
|
|a 9602741724
|
| 035 |
|
|
|l 10119322
|
| 040 |
|
|
|a GR-MyUa
|b gre
|e AACR2
|
| 041 |
1 |
|
|a gre
|h eng
|
| 082 |
7 |
|
|a 823
|2 (23)
|
| 100 |
1 |
|
|a Rushdie, Salman.
|
| 245 |
1 |
2 |
|a Ο τελευταίος στεναγμός του μαυριτανού /
|c Σαλμάν Ρούσντι ; μετάφραση Ελένη Κεκροπούλου.
|
| 260 |
|
|
|a Αθήνα :
|b Ψυχογιός,
|c c1996.
|
| 300 |
|
|
|a 552 σ. ;
|c 21 εκ.
|
| 500 |
|
|
|a Τίτλος πρωτοτύπου: The moor' s last sigh.
|
| 500 |
|
|
|a Το παράρτημα Σύρου έχει την 4η ανατύπωση του 1998.
|
| 650 |
|
0 |
|a English fiction.
|
| 852 |
|
|
|a INST
|b SYROS
|e 20141001
|h 823 RUS
|p 005500012439
|q 005500012439
|t BK
|y 0
|
| 901 |
|
|
|a BIBL5-2014-3
|
| 970 |
|
|
|a Κοντού
|b Παρασκευή
|z 01/10/2014
|